1710 1865 1754 1393 1475 1503 1522 1380 1319 1124 1261 1424 1884 1765 1406 1379 1432 1998 1907 1678 1499 1568 1710 1389 1927 1921 1610 1960 1779 1844 1738 1301 1467 1354 1691 1755 1213 1211 1271 1954 1113 1386 1218 1217 1069 1181 1285 1976 1783 1126 1363 1664 1203 1500 1476 1673 1326 1313 1404 1541 1592 1279 1206 1629 1585 1463 1636 1525 1002 1314 1478 1067 1045 1349 1911 1922 1613 1378 1456 1809 1762 1990 1399 1237 1538 1880 1539 1821 1327 1033 1059 1739 1156 1492 1124 1653 1572 1283 1156 BCNSPRNW ULIB Ver.6.0+V

เปลี่ยนเป็นภาษาไทย

Change to English
 แสดงรายละเอียดบรรณานุกรม
  กลับหน้าหลัก

Brief Record : Get Marc (ISO 2709) : E-mail record : QR code < ปิดหน้าต่าง
LEADER : 00000nam 2200000uu 4500
001    13399124849
003     ULIB
008    020711s2558 th a 000 0 tha d
020    9786163980311
060    WY16^bอ792พ
100    อุดมรัตน์ สงวนศิริธรรม
245    พฤติกรรมจริยธรรมของพยาบาลวิชาชีพ/^cอุดมรัตน์ สงวนศิริธรรม
250    พิมพ์ครั้งที่ 1
260    เชียงใหม่ :^bมหาวิทยาลัยเชียงใหม่,^c2558
300    135 หน้า;^b24.5 ซม.
650    จริยธรรม^xพยาบาล
650    พยาบาล^xวิชาชีพ
700    สมใจ ศิระกมล
710    มหาวิทยาลัยเชียงใหม่^bโครงการตำราคณะพยาบาลศาสตร์
945    ^p180^l0^i23356
945    ^p180^l0^i23357
945    ^p180^l0^i23358
945    ^p180^l0^i23359
945    ^p180^l0^i23360
รายการนี้ยังไม่มีแท็ก
คุณยังไม่ได้ล็อกอิน คุณสามารถมีกิจกรรมร่วมกับเว็บไซต์ได้ แต่ต้องล็อกอินก่อน ::
  ล็อกอิน

รายการสื่อสารสนเทศ

ลำดับที่ ประเภท เลขเรียก/บาร์โค้ด สถานที่ สถานะ
1. Book การพยาบาล
Book การพยาบาล
สถานะ=หนังสือเก่า
WY16 อ792พ ฉ.1 
  Barcode: 23356
ห้องสมุดวิทยาเขตนครสวรรค์
►ส่วนจัดเก็บหนังสือเก่า นว.
บนชั้น
  ขอยืม
2. Book การพยาบาล
Book การพยาบาล
สถานะ=หนังสือเก่า
WY16 อ792พ ฉ.2 
  Barcode: 23357
ห้องสมุดวิทยาเขตนครสวรรค์
►ส่วนจัดเก็บหนังสือเก่า นว.
บนชั้น
  ขอยืม
3. Book การพยาบาล
Book การพยาบาล
สถานะ=หนังสือเก่า
WY16 อ792พ ฉ.3 
  Barcode: 23358
ห้องสมุดวิทยาเขตนครสวรรค์
►ส่วนจัดเก็บหนังสือเก่า นว.
บนชั้น
  ขอยืม
4. Book การพยาบาล
Book การพยาบาล
สถานะ=หนังสือเก่า
WY16 อ792พ ฉ.4 
  Barcode: 23359
ห้องสมุดวิทยาเขตนครสวรรค์
►ส่วนจัดเก็บหนังสือเก่า นว.
บนชั้น
  ขอยืม
5. Book การพยาบาล
Book การพยาบาล
สถานะ=หนังสือเก่า
WY16 อ792พ ฉ.5 
  Barcode: 23360
ห้องสมุดวิทยาเขตนครสวรรค์
►ส่วนจัดเก็บหนังสือเก่า นว.
บนชั้น
  ขอยืม

รายการใกล้เคียง
    ผู้แต่ง [อุดมรัตน์ สงวนศิริธรรม]

BibComment


ยังไม่เคยถูกคอมเมนท์

คอมเมนท์ทรัพยากรรายการนี้
  คอมเมนท์: พฤติกรรมจริยธรรมข..


 Copyright 2026. Bcnsprnw @Library